000 00708nam a2200289Ia 4500
005 20260324114437.0
008 008 260324s9999 xx 000 0 eng d
020 _a9781003165279
037 _aEBOOK
040 _aCRL
040 _beng
040 _cCRL
041 _2eng
041 _aeng
084 _qCRL
100 _aRajesh Jugulum
_91150795
245 0 _aCommon Data Sense for Professionals
245 2 _bA Process-Oriented Approach for Data-Science Projects
260 _bTaylor and Francis
260 _c2022
365 _a
365 _b180
856 _uhttp://www.taylorfrancis.com/books/9781003165279
942 _cEBOOK
999 _c1740993
_d1740993